Ön is szavazhat a Kopp-Skrabski-díjról a tudományos jelöltek között az SZTE oktatója, illetve az egykori hallgatója

Elmentve itt :
Bibliográfiai részletek
Dokumentumtípus: Cikk
Megjelent: 2022-10-22
Sorozat:SZTE Info
Kulcsszavak:Kitüntetés, Jelölés - Kopp-Skrabski-díj, Három Királyfi, Három Királylány Mozgalom, Tudományos jelölt - Jancsák Csaba - tanszékvezető főiskolai docens - Társadalmi Felelősségvállalás Kompetencia Központ vezetője, Alkalmazott Társadalomtudományok Tanszék, Alkalmazott Társadalomismereti és Kisebbségpolitikai Intézet, Juhász Gyula Pedagógusképző Kar - JGYPK, Tudományos jelölt - Körömi-Varga Vanessza - védőnő, Szülészeti és Nőgyógyászati Klinika - Védőnői Alapellátási Egység, Szent-Györgyi Albert Klinikai Központ - SZAKK
Online Access:http://univ.bibl.u-szeged.hu/64024
LEADER 01371nab a2200157 i 4500
001 univ64024
005 20221026125814.0
008 221024s2022 hu o 0|| hun d
040 |a SZTE UnivHistória Repozitórium  |b hun 
041 |a hun 
245 0 0 |a Ön is szavazhat a Kopp-Skrabski-díjról   |h [elektronikus dokumentum] :  |b a tudományos jelöltek között az SZTE oktatója, illetve az egykori hallgatója 
260 |c 2022-10-22 
490 0 |a SZTE Info 
561 |a Egyetemi hirarchívum 
695 |a Kitüntetés, Jelölés - Kopp-Skrabski-díj, Három Királyfi, Három Királylány Mozgalom, Tudományos jelölt - Jancsák Csaba - tanszékvezető főiskolai docens - Társadalmi Felelősségvállalás Kompetencia Központ vezetője, Alkalmazott Társadalomtudományok Tanszék, Alkalmazott Társadalomismereti és Kisebbségpolitikai Intézet, Juhász Gyula Pedagógusképző Kar - JGYPK, Tudományos jelölt - Körömi-Varga Vanessza - védőnő, Szülészeti és Nőgyógyászati Klinika - Védőnői Alapellátási Egység, Szent-Györgyi Albert Klinikai Központ - SZAKK 
856 4 0 |u http://univ.bibl.u-szeged.hu/64024/1/Szegedi%20Tudom%C3%A1nyegyetem%20_%20%C3%96n%20is%20szavazhat%20a%20Kopp-Skrabski-d%C3%ADjr%C3%B3l_%20a%20tudom%C3%A1nyos%20jel%C3%B6ltek%20k%C3%B6z%C3%B6tt%20az%20SZTE%20oktat%C3%B3ja%2C%20illetve%20az%20egykori%20hallgat%C3%B3ja.pdf  |z Dokumentum-elérés